| 000 | 00830nam a2200265Ia 4500 | ||
|---|---|---|---|
| 001 | 9845 | ||
| 003 | GE_BSU | ||
| 008 | 181216s||||||||xx |||||||||||||| ||und|| | ||
| 020 | _a9992871830 | ||
| 040 | _cGE_BSU | ||
| 080 | _a821.353.1–31 | ||
| 100 | _aგელაშვილი,ნაირა | ||
| 245 | _aსარკის ნატეხები | ||
| 245 | _bრომანი | ||
| 245 | _cყდის დიზაინი სოფიო კინწურაშვილი | ||
| 250 | _aმეორე გამ–მა | ||
| 260 | _aთბილისი | ||
| 260 | _bკავკასიური სახლი | ||
| 260 | _c2006 | ||
| 300 | _a280გვ.20სმ. | ||
| 541 | _h10ლ. | ||
| 653 | _aრომანი | ||
| 653 | _aსარკის ნატეხები | ||
| 942 | _cBK | ||
| 999 |
_c43124 _d43124 |
||